Ateneo Hispano-Americano (Record no. 148828)

MARC details
000 -LEADER
campo de control de longitud fija 00721nam a2200181 4500
001 - NÚMERO DE CONTROL
campo de control 148828
003 - IDENTIFICADOR DE NÚMERO DE CONTROL
campo de control ES-MaACL
005 - FECHA Y HORA DE LA ÚLTIMA TRANSACCIÓN
campo de control 20230906202827.0
007 - CAMPO FIJO DE DESCRIPCIÓN FÍSICA--INFORMACIÓN GENERAL
campo de control de longitud fija t|
008 - DATOS DE LONGITUD FIJA--INFORMACIÓN GENERAL
campo de control de longitud fija 070214s1918 ag r ||||1| spa d
100 1# - ENTRADA PRINCIPAL--NOMBRE DE PERSONA
Nombre de persona León Suárez, José.
9 (RLIN) 141637
245 10 - MENCIÓN DEL TÍTULO
Título Ateneo Hispano-Americano
Resto del título : resumen de sus principales propósitos extractados del discurso-programa /
Mención de responsabilidad, etc. del doctor José León Suárez al ser elegido presidente el 3 de enero de 1918.
260 ## - PUBLICACIÓN, DISTRIBUCIÓN, ETC.
Lugar de publicación, distribución, etc. Buenos Aires :
Nombre del editor, distribuidor, etc. [s. n.],
Fecha de publicación, distribución, etc. 1918 (
Fabricante Imp. The British Supply)
300 ## - DESCRIPCIÓN FÍSICA
Extensión 6 p. ;
Dimensiones 15 cm.
500 ## - NOTA GENERAL
Nota general Precede al tít.: República Argentina, Buenos Aires.
710 2# - ENTRADA AGREGADA--NOMBRE DE ENTIDAD CORPORATIVA
Nombre de entidad corporativa o nombre de jurisdicción como elemento de entrada Ateneo Hispano-Americano (Buenos Aires)
9 (RLIN) 141638
852 ## - LOCALIZACIÓN
Ubicación ES-MaACL
Número de control de estantería 1489-F-18
Holdings
Estatus retirado Estado de pérdida Estado de daño No para préstamo Colección Biblioteca de origen Biblioteca actual Ubicación en estantería Fecha de adquisición Fuente de adquisición Total de préstamos Signatura topográfica completa Código de barras Visto por última vez Precio de reemplazo Tipo de ítem Koha
        Colección de folletos Biblioteca del Ateneo de Madrid Biblioteca del Ateneo de Madrid Depósito folletos 17/01/2008     1489-F-18 1155310 23/02/2023 23/02/2023 Folleto